=LDR 00000nam 2200000 4500 =001 INLIS000000000034824 =005 20130612140722 =008 ***********************************ind** =035 ##$$0010-061300000034824 =041 ##$$a ind =082 ##$$a 574 =090 ##$$a 574, Luc m =100 ##$$a LUCIA, Evie Azhfizar =245 ##$$a Mengenal makhluk hidup, Evie Azhfizar Lucia ; editor, Ready Susanto =260 ##$$a 2007 $b Jakarta =300 ##$$a viii, 64 hlm, ilus, 25 cm =650 ##$$a Biolo9gi =700 ##$$a Susanto, Ready =850 ##$$a NBPNMAT =990 ##$$a 0001/BPAP-NTB/2016